000 01113cam a22002771i 4500
003 SA-RiAUC
005 20251007115251.0
008 250729s1949 ua g 00000dara c
040 _aSA-JeALM
_bara
_cSA-RiAUC
_erda
050 4 _b.K43 1949
082 0 4 _a215.2
_qSA-RiAUC
090 _a215.2
_bح ن ف
100 1 _aالحنفي، محمد سلطان المعصومي،
_eمؤلف.
245 1 2 _aالمشاهدات المعصومية عند قبر خير البرية /
_cمحمد سلطان المعصومي الحنفي.
250 _aالطبعة الأولى.
264 1 _aالرياض :
_bدار العاصمة
_c1994
300 _a86 صفحة؛
_c17 سم.
336 _aنص
_btxt
_2rdacontent
_3كتاب
337 _aبدون وسيط
_bn
_2rdamedia
338 _aمجلد
_bnc
_2rdacarrier
600 0 7 _aمحمد (صلى الله عليه وسلم)،
_d53 قبل الهجرة-11 هجري
_2aucnm
610 2 7 _aالمسجد النبوي الشريف
_2aucnm
650 7 _aالمزارات الإسلامية
_2aucsh
942 _2ddc
_cBOOK
_n0
949 _aSA-JeALM
_d250729
_umohamedma123
_n1
999 _c12444
_d12444